000 00509nam a2200205Ia 4500
003 OSt
005 20140315091343.0
008 140130s9999 xx 000 0 und d
020 _a9780516260600
050 _aZ 665.5
_b.F58 1996
100 _aFlanagan, Alice
245 _aMs. Davidson, our librarian /
_cAlice Flanagan.
260 _bScholastic,
_c1996.
_aNew York :
300 _a32 p. :
_bcol. ill .;
_c26 cm.
440 _v1
521 _aG2
526 _c420
942 _cBK
_2lcc
999 _c40309
_d40309